Statistics for Rutger Hauer Movies

Click here to take the quiz!

General Stats

  • This quiz has been taken 5 times
  • The average score is 6 of 82

Answer Stats

Hint Answer % Correct
2010Hobo With a Shotgun
100%
2005The Poseidon Adventure
50%
1991Wedlock
50%
1981Nighthawks
50%
2012Dracula 3D
50%
1983The Osterman Weekend
50%
1994Surviving the Game
50%
1986The Hitcher
50%
1987Wanted: Dead or Alive
50%
2005Sin City
50%
2005Mirror Wars: Reflection One
0%
2005Dracula III: Legacy
0%
2005Batman Begins
0%
2004Never Enough
0%
1980Spetters
0%
2004Tempesta
0%
2004In the Shadow of the Cobra
0%
2006The Hunt for Eagle One
0%
2002Warrior Angels
0%
2002Scorcher
0%
2002The God's Bankers
0%
2001Flying Virus
0%
2001Turbulence 3: Heavy Metal
0%
2002Confessions of a Dangerous Mind
0%
2007Goal II: Living the Dream
0%
2006Minotaur
0%
2011The Mill and the Cross
0%
2012Metal Hurlant Chronicles
0%
2011The Cardboard Village
0%
2011The Heineken Kidnapping
0%
2011Alle for en
0%
2011Black Butterflies
0%
2011The Rite
0%
2009Happiness Runs
0%
2006Mentor
0%
2009Tonight at Noon
0%
2009Barbarossa
0%
2008Bride Flight
0%
2008Magic Flute Diaries
0%
2008Spoon
0%
2001The Room
0%
2006The Hunt for Eagle One: Crash Point
0%
2001The Last Words of Dutch Schultz
0%
2000Lying in Wait
0%
2001Jungle Juice
0%
1989As Long as It's Love
0%
1992Buffy the Vampire Slayer
0%
1992Split Second
0%
1992Beyond Justice
0%
1992Past Midnight
0%
1989Bloodhounds of Broadway
0%
1989The Blood of Heroes
0%
1989Blind Fury
0%
1994Amelia Earhart: The Final Flight
0%
1988The Legend of the Holy Drinker
0%
1985Flesh & Blood
0%
1985Ladyhawke
0%
1984Eureka
0%
1984A Breed Apart
0%
1982Blade Runner
0%
1981Chanel Solitaire
0%
1993Arctic Blue
0%
1994Nostradamus
0%
2000Wilder
0%
1997Omega Doom
0%
2000Partners in Crime
0%
1999New World Disorder
0%
1999Simon Magus
0%
1998Bone Daddy
0%
1998Tactical Assault
0%
1997Deathline
0%
1997Bleeders
0%
1997Blast
0%
1994The Beans of Egypt, Maine
0%
1997Knockin' on Heaven's Door
0%
1996Precious Find
0%
1996Mr. Stitch
0%
1996Mariette in Ecstasy
0%
1996Crossworlds
0%
1995Blood of the Innocent
0%
1994Fatherland
0%
2012Agent Ranjid Retit Die Welt
0%

Score Distribution

Percentile by Number Answered

Percent of People with Each Score

Your Score History

You have not taken this quiz